Statistiken für Größte Gemeinden Oberösterreichs

Klicken Sie hier um das Quiz zu spielen!

Allgemein

  • Dieses Quiz wurde 130 mal gespielt
  • Das Durchschnittsergebnis liegt bei 26 aus 50

Antwortstatistiken

BezirkEinwohnerGemeinde% Korrekt
Linz205.700Linz
99%
Steyr38.200Steyr
97%
Wels61.700Wels
97%
Braunau am Inn17.200Braunau am Inn
93%
Linz-Land28.800Leonding
92%
Gmunden13.200Gmunden
91%
Ried im Innkreis12.100Ried im Innkreis
89%
Linz-Land24.700Traun
86%
Vöcklabruck12.300Vöcklabruck
86%
Freistadt8.000Freistadt
84%
Perg8.600Perg
81%
Schärding5.200Schärding
81%
Gmunden14.100Bad Ischl
77%
Linz-Land12.000Enns
74%
Rohrbach5.200Rohrbach-Berg
74%
Wels-Land13.800Marchtrenk
66%
Linz-Land16.700Ansfelden
65%
Vöcklabruck9.000Attnang-Puchheim
57%
Linz-Land7.600Pasching
55%
Linz-Land6.200St. Florian
51%
Linz-Land6.100Hörsching
50%
Gmunden9.800Laakirchen
50%
Steyr-Land9.300Sierning
49%
Urfahr-Umgebung6.500Gallneukirchen
47%
Braunau am Inn6.700Mattighofen
47%
Gmunden7.700Ebensee am Traunsee
46%
Gmunden9.800Altmünster
45%
Gmunden7.600Bad Goisern
45%
Kirchdorf an der Krems6.600Kremsmünster
43%
Linz-Land6.700Asten
42%
Steyr-Land6.600Garsten
39%
Gmunden7.500Vorchdorf
38%
Eferding6.100Alkoven
34%
Steyr-Land5.400Bad Hall
34%
Wels-Land6.100Gunskirchen
34%
Kirchdorf an der Krems5.900Micheldorf in Oberösterreich
34%
Linz-Land6.500Neuhofen an der Krems
34%
Freistadt5.400Pregarten
34%
Schärding5.200Andorf
31%
Wels-Land5.500Thalheim bei Wels
31%
Linz-Land5.900Wilhering
31%
Urfahr-Umgebung8.800Engerwitzdorf
27%
Vöcklabruck6.700Regau
27%
Vöcklabruck5.200Lenzing
24%
Gmunden5.200Ohlsdorf
23%
Perg5.300Schwertberg
23%
Vöcklabruck5.600Seewalchen am Attersee
23%
Kirchdorf an der Krems5.300Pettenbach
22%
Urfahr-Umgebung5.400Feldkirchen an der Donau
20%
Vöcklabruck5.700Timelkam
18%

Verteilung der Resultate

Perzentil nach korrekt beantworteten Fragen

Anzahl Personen mit jedem Resultat

Ihre Resultats-Entwicklung

Sie haben dieses Quiz noch nicht gespielt